Zdanenie honorárov vyplácaných podľa autorského zákona

Zákon č. 185/2015 Z. z. Autorský zákon v z. n. p. upravuje vzťahy, ktoré vznikajú v súvislosti s vytvorením a použitím autorského diela alebo umeleckého výkonu, v súvislosti s výrobou a použitím zvukového záznamu, audiovizuálneho záznamu alebo vysielania a v súvislosti s vytvorením alebo zhotovením...

Descripción completa

Guardado en:
Detalles Bibliográficos
Autor principal: Brnová, Miroslava
Formato: Capítulo de libro
Lenguaje:eslovaco
Materias:
Etiquetas: Agregar Etiqueta
Sin Etiquetas, Sea el primero en etiquetar este registro!

MARC

LEADER 00000naa a2200000 4500
001 0242898
005 20180516103238.9
041 0 |a slo 
044 |a SK 
245 1 0 |a Zdanenie honorárov vyplácaných podľa autorského zákona  |c Miroslava Brnová 
520 |a Zákon č. 185/2015 Z. z. Autorský zákon v z. n. p. upravuje vzťahy, ktoré vznikajú v súvislosti s vytvorením a použitím autorského diela alebo umeleckého výkonu, v súvislosti s výrobou a použitím zvukového záznamu, audiovizuálneho záznamu alebo vysielania a v súvislosti s vytvorením alebo zhotovením a použitím počítačového programu alebo databázy. Ilustračné príklady. 
610 2 0 |a zdaňovanie 
610 2 0 |a právo autorské 
610 2 0 |a honoráre 
610 2 0 |a zmluvy licenčné 
100 1 |a Brnová, Miroslava